Eurovea bude bránou Bratislavy
V druhom štvrťroku 2006 sa začala výstavba medzinárodného obchodného centra Eurovea, ktoré bude situované na nábreží Dunaja v Bratislave. Čo tento projekt ponúkne. Nájomníci centra Eurovea.
Salvato in:
| Autore principale: | |
|---|---|
| Natura: | Capitolo di libro |
| Lingua: | slovacco |
| Soggetti: | |
| Tags: |
Nessun Tag, puoi essere il primo ad aggiungerne!!
|
MARC
| LEADER | 00000naa$a2200000$$$4500 | ||
|---|---|---|---|
| 001 | 0048566 | ||
| 005 | 20231107130524.1 | ||
| 041 | 0 | |a slo | |
| 044 | |a SK | ||
| 245 | 1 | 0 | |a Eurovea bude bránou Bratislavy |c Daniel Košťál |
| 520 | |a V druhom štvrťroku 2006 sa začala výstavba medzinárodného obchodného centra Eurovea, ktoré bude situované na nábreží Dunaja v Bratislave. Čo tento projekt ponúkne. Nájomníci centra Eurovea. | ||
| 610 | 2 | 0 | |a obchod medzinárodný |
| 610 | 2 | 0 | |a centrá obchodné |
| 610 | 2 | 0 | |a Slovensko |
| 100 | 1 | |a Košťál, Daniel | |